Paroles - Ray Liotta - Lomepal - Statistiques

Statistiques générales
  • Ce quiz a été pris 29 fois
  • Le résultat moyen est 407 sur 497
Statistiques - réponses
Paroles % Correct
bien
100%
Ça
100%
ça
100%
compris
100%
dire
100%
j'ai
100%
J'ai
100%
Je
100%
je
100%
La
100%
la
100%
le
100%
me
100%
pas
100%
quoi
100%
suis
100%
tout
100%
veut
100%
bon
95%
de
95%
des
95%
faire
95%
les
95%
Les
95%
Mais
95%
mais
95%
95%
ne
95%
plus
95%
pour
95%
Pour
95%
Un
95%
un
95%
une
95%
Une
95%
ce
90%
C'est
90%
c'est
90%
d'effet
90%
fait
90%
gentil
90%
méchant
90%
que
90%
sais
90%
se
90%
si
90%
Si
90%
te
90%
Tu
90%
tu
90%
bientôt
86%
bonheur
86%
comme
86%
Comme
86%
d'être
86%
en
86%
ennuie
86%
gens
86%
i
86%
l'eau
86%
Liotta
86%
mon
86%
nouvelles
86%
on
86%
Ray
86%
s'habitue
86%
abdos
81%
bonne
81%
cherches
81%
dans
81%
forte
81%
lis
81%
moi
81%
mort
81%
non
81%
oh
81%
peut
81%
rentable
81%
sensations
81%
blague
76%
comprendre
76%
goût
76%
moins
76%
monde
76%
plate
76%
prix
76%
aïe
71%
Blanche
71%
close
71%
Et
71%
fille
71%
impressionne
71%
maison
71%
Maison
71%
misère
71%
qui
71%
qu'un
71%
t'es
71%
Ton
71%
Ah
67%
est
67%
maître
67%
même
67%
Même
67%
phrases
67%
pute
67%
salto
67%
son
67%
t'as
67%
va
67%
vu
67%
Yoda
67%
avec
62%
bat
62%
belle
62%
boss
62%
convaincre
62%
corps
62%
désordre
62%
devoir
62%
el
62%
Elle
62%
elle
62%
finir
62%
Melania
62%
poche
62%
rien
62%
beaucoup
57%
bisou
57%
coup
57%
dérape
57%
dinero
57%
douée
57%
d'poing
57%
d'points
57%
eux
57%
gros
57%
levrette
57%
Personne
57%
poste
57%
premier
57%
quand
57%
regard
57%
suicide
57%
vite
57%
vrai
57%
amende
52%
années
52%
Chacun
52%
clan
52%
espèces
52%
mot
52%
ok
52%
ont
52%
perdre
52%
perds
52%
problème
52%
réglée
52%
sors
52%
s'perdre
52%
t'oubliera
52%
ici
48%
laissés
48%
naître
48%
sont
48%
suite
48%
T'aimes
48%
trop
48%
vais
48%
vas
48%
vie
48%
viens
48%
demandé
43%
gentils
43%
glauques
43%
guerres
43%
hein
43%
maintenant
43%
paradis
43%
plais
43%
prochaines
43%
qu'là
43%
spontané
43%
chantier
38%
flambant
38%
L'enfer
38%
méchants
38%
neuf
38%
papel
38%
Paraît
38%
passé
38%
pauvres
38%
sur
38%
Terre
38%
battres
33%
crimes
33%
désespèrent
33%
échantillon
33%
loin
33%
d'effets
24%
nan
14%
bling
10%
lol
5%
Aucun quiz correspondant
Distribution des résultats
% des personnes avec chaque résultat
Percentile par nombre de réponses
Votre historique - résultats
Vous n’avez pas pris ce quiz